LET Comprehensive Reviewer Based on NCBTS and Table of Specifications (TOS) (Record no. 8699)
[ view plain ]
| 000 -LEADER | |
|---|---|
| fixed length control field | 00693nam a22002057i 4500 |
| 003 - CONTROL NUMBER IDENTIFIER | |
| control field | URS |
| 005 - DATE AND TIME OF LATEST TRANSACTION | |
| control field | 20220114153457.0 |
| 008 - FIXED-LENGTH DATA ELEMENTS--GENERAL INFORMATION | |
| fixed length control field | 190119b ||||| |||| 00| 0 eng d |
| 020 ## - INTERNATIONAL STANDARD BOOK NUMBER | |
| International Standard Book Number | 9716858043 |
| 040 ## - CATALOGING SOURCE | |
| Language of cataloging | eng |
| Description conventions | rda |
| Transcribing agency | URS Pililla Library |
| 082 00 - DEWEY DECIMAL CLASSIFICATION NUMBER | |
| Classification number | 371.10076 |
| Item number | D37c 2015 |
| 100 1# - MAIN ENTRY--PERSONAL NAME | |
| Personal name | De Leon, Elmer B. |
| Relator term | Author |
| 245 10 - TITLE STATEMENT | |
| Title | LET Comprehensive Reviewer Based on NCBTS and Table of Specifications (TOS) |
| Remainder of title | Specialization Filipino |
| Statement of responsibility, etc. | Elmer B. De Leon |
| 264 #1 - PRODUCTION, PUBLICATION, DISTRIBUTION, MANUFACTURE, AND COPYRIGHT NOTICE | |
| Place of production, publication, distribution, manufacture | Manila |
| Name of producer, publisher, distributor, manufacturer | Lorimar Publishing, Incorporated |
| Date of production, publication, distribution, manufacture, or copyright notice | 2015. |
| 336 ## - CONTENT TYPE | |
| Content type term | text |
| Content type code | txt |
| Source | rdacontent |
| 337 ## - MEDIA TYPE | |
| Media type term | unmediated |
| Media type code | n |
| Source | rdamedia |
| 338 ## - CARRIER TYPE | |
| Carrier type term | volume |
| Carrier type code | nc |
| Source | rdacarrier |
| 300 ## - PHYSICAL DESCRIPTION | |
| Extent | 129 pages: |
| Other physical details | illustration; |
| Dimensions | 25 cm. |
| 942 ## - ADDED ENTRY ELEMENTS (KOHA) | |
| Source of classification or shelving scheme | Dewey Decimal Classification |
| Koha item type | Filipiniana |
| Withdrawn status | Source of classification or shelving scheme | Damaged status | Not for loan | Collection code | Home library | Current library | Shelving location | Date acquired | Source of acquisition | Total Checkouts | Full call number | Barcode | Date last seen | Copy number | Price effective from | Koha item type |
|---|---|---|---|---|---|---|---|---|---|---|---|---|---|---|---|---|
| Dewey Decimal Classification | Non-fiction | Pililla College Library | Pililla College Library | General Stacks | 01/19/2019 | purchased | 371.10076 D37c 2015 | URSPIL-6259 | 05/31/2019 | 1 | 01/19/2019 | Filipiniana | ||||
| Dewey Decimal Classification | Non-fiction | Pililla College Library | Pililla College Library | General Stacks | 01/19/2019 | purchased | 371.10076 D37c 2015 | URSPIL-6260 | 05/31/2019 | 2 | 01/19/2019 | Filipiniana |